00757nam a2200253Ia 4500008004100000020002200041050000800063050001500071100001900086245002300105245002300128260001300151260003700164260000900201300001300210300001200223300001100235440002400246650003400270650004300304650002500347999001900372952011200391160319s9999 xx 000 0 und d a9716300018 (pbk.) a920 bOr65e 1992 aOrdonez, Elmer aEmilio Aguinaldo / cElmer A. OrdoÞez. aManila : bTahanan Books for Young Readers  c1992 a31 p. :  bill. ;  c26 cm. aGreat lives ; [v.1] aAguinaldo, Emilio, 1869-1964. aHeroes -- Philippines -- Biography --  aJuvenile literature. c292232d292232 001040aSSISBbSSISBcFILd2016-03-19l0oFil 920 Or65e 1992pLS 1136r2016-03-19 00:00:00w2016-03-19yBK